| 000 | 00844nam a2200229 a 4500 | ||
|---|---|---|---|
| 001 | 000016539 | ||
| 003 | DO-SdBNP | ||
| 005 | 20210802104830.0 | ||
| 008 | 100308s1985 dr a 000 0 spa d | ||
| 040 |
_aDO-SdBNP _bspa _cBNPHU |
||
| 082 |
_axxx _bC313d |
||
| 100 | 1 |
_aCarrasco, Nelson Eddy _d1940- _914000 |
|
| 245 | 1 | 0 |
_aDos grandes estafas : _bla problemática del mercadeo de la sal / _cNelson Eddy Carrasco ; prólogo Giuseppe Rímoli Martínez. |
| 260 |
_aSanto Domingo : _bVisión, _c1985. |
||
| 300 |
_a156 p. : _bil. ; _c21 cm. |
||
| 500 | _aIncluye datos biográficos del autor en la contraportada | ||
| 500 | _aIncluye notas al pie de las páginas | ||
| 504 | _aIncluye referencias bibliográficas ( p. 155-156) | ||
| 590 | _aInventariado, 2021 / DG | ||
| 700 | 1 |
_aRímoli Martínez, Giuseppe, _epról. _98586 |
|
| 942 |
_2ddc _cLBS1 |
||
| 999 |
_c16072 _d16072 |
||